Nueces y almendras: situación actual y perspectivas

Uloženo v:
Podrobná bibliografie
Korporativní autor: CORFO (Autor)
Médium: Kniha
Jazyk:španělština
Vydáno: Santiago CORFO, Gerencia de Desarrollo 1991
Témata:
Tagy: Přidat tag
Žádné tagy, Buďte první, kdo vytvoří štítek k tomuto záznamu!

MARC

LEADER 00000nam a2200000 a 4500
001 UCV7462
003 CL-VaPUC
008 930302e19910000CL |||||||||||||||||spa|d
082 0 4 |a 634.51  |b COR  |2 21 
110 2 |a CORFO  |e author  |9 301590 
245 1 0 |a Nueces y almendras: situación actual y perspectivas 
300 |a 112 p 
942 |c BK 
945 |d 19930302 00:00:00 
260 |a Santiago  |b CORFO, Gerencia de Desarrollo  |c 1991 
650 0 |a Nueces   |9 264888 
650 0 |a Almendras   |9 264889 
583 |a last modification  |c 19930302 00:00:00  |k Rodrigo Vera 
999 |c 213138  |d 213136 
952 |0 0  |1 1  |2 ddc  |4 0  |6 634_510000000000000_COR_1991  |7 0  |8 A  |9 195205  |a BIBAGR  |b BIBAGR  |d 2019-11-14  |i 2632861  |o 634.51 COR 1991  |p 2632861  |r 2019-11-14  |w 2019-11-14  |y BK  |k AGR 
952 |0 0  |1 0  |4 0  |6 634_510000000000000_COR_1991  |7 0  |8 A  |9 195206  |a BIBAGR  |b BIBAGR  |d 2019-11-14  |i 4504399  |o 634.51 COR 1991  |p 4504399  |r 2025-01-20  |w 2019-11-14  |y BK  |k AGR